Tising Export Katalog Slovakia 1994/95

Gespeichert in:
Bibliographische Detailangaben
Format: Buch
Sprache:Englisch
Slowakisch
Deutsch
Veröffentlicht: Piešťany TISING 1994
Ausgabe:1. vyd.
Schlagworte:
Tags: Tag hinzufügen
Keine Tags, Fügen Sie das erste Tag hinzu!

MARC

LEADER 00000nam a2200000 4500
001 c005631
005 20221214074954.4
020 |a 80-967052-1-0 
041 0 |a eng 
041 0 |a slo 
041 0 |a ger 
044 |a SK 
245 1 0 |a Tising Export Katalog Slovakia 1994/95 
250 |a 1. vyd. 
264 1 |a Piešťany  |b TISING  |c 1994 
300 |a 192 s. 
610 2 0 |a katalógy 
610 2 0 |a Slovensko 
610 2 0 |a Bratislava 
610 2 0 |a 1994-1995 
610 2 0 |a priemysel 
610 2 0 |a obchod 
610 2 0 |a služby 
610 2 0 |a ruch cestovný 
610 2 0 |a firmy 
610 2 0 |a banky 
610 2 0 |a dane 
610 2 0 |a zákony 
610 2 0 |a orgány zastupiteľské